Berliner Ortsteile (mit Karte) - Statistiken

Allgemein
  • Dieses Quiz wurde 128 mal gespielt
  • Das Durchschnittsergebnis liegt bei 39 aus 97
Antworten auf der Karte
Die Antworten werden auf der Karte rot bzw. grün angezeigt, abhängig davon wie oft sie richtig erraten wurden.
 
Antwortstatistiken
Antwort % Korrekt
Mitte
91%
Charlottenburg
88%
Neukölln
88%
Pankow
86%
Kreuzberg
85%
Köpenick
75%
Marzahn
75%
Spandau
75%
Friedrichshain
74%
Prenzlauer Berg
69%
Wedding
69%
Tegel
68%
Tempelhof
68%
Wannsee
68%
Lichtenberg
66%
Schöneberg
66%
Steglitz
66%
Hellersdorf
65%
Zehlendorf
65%
Wilmersdorf
63%
Tiergarten
60%
Reinickendorf
58%
Moabit
54%
Grunewald
51%
Lichterfelde
51%
Westend
49%
Rudow
48%
Weißensee
48%
Gesundbrunnen
46%
Buch
40%
Friedenau
40%
Lichtenrade
38%
Frohnau
37%
Gropiusstadt
37%
Oberschöneweide
37%
Adlershof
35%
Biesdorf
35%
Karlshorst
35%
Karow
35%
Kladow
35%
Staaken
35%
Dahlem
34%
Hansaviertel
34%
Mahlsdorf
34%
Mariendorf
34%
Altglienicke
32%
Alt-Treptow
32%
Blankenfelde
32%
Grünau
32%
Hermsdorf
32%
Kaulsdorf
32%
Baumschulenweg
31%
Buckow
31%
Friedrichsfelde
31%
Gatow
31%
Lankwitz
31%
Marienfelde
31%
Plänterwald
31%
Wittenau
31%
Blankenburg
29%
Heinersdorf
29%
Märkisches Viertel
29%
Müggelheim
29%
Niederschöneweide
29%
Nikolassee
29%
Schmargendorf
29%
Britz
28%
Französisch-Buchholz
28%
Friedrichshagen
28%
Heiligensee
28%
Johannisthal
28%
Rahnsdorf
28%
Rummelsburg
28%
Schlachtensee
28%
Siemensstadt
28%
Althohenschönhausen
26%
Charlottenburg-Nord
26%
Malchow
26%
Neuhohenschönhausen
26%
Wilhelmsruh
26%
Bohnsdorf
25%
Borsigwalde
25%
Halensee
25%
Lübars
25%
Schmöckwitz
25%
Falkenberg
23%
Hakenfelde
23%
Niederschönhausen
23%
Rosenthal
23%
Stadtrandsiedlung Malchow
23%
Waidmannslust
23%
Falkenhagener Feld
22%
Fennpfuhl
22%
Haselhorst
22%
Wartenberg
22%
Konradshöhe
18%
Wilhelmstadt
18%
Keine übereinstimmenden Quizze gefunden
Verteilung der Resultate
Anzahl Personen mit jedem Resultat
Perzentil nach korrekt beantworteten Fragen
Ihre Resultats-Entwicklung
Sie haben dieses Quiz noch nicht gespielt